Classement FIFA - Décembre 1992 - Statistiques

Statistiques générales
  • Ce quiz a été pris 60 fois
  • Le résultat moyen est 54 sur 163
Statistiques - réponses
Rang Pays % Correct
#3 Brésil
98%
#1 Allemagne
96%
#19 France
92%
#2 Italie
92%
#10 Argentine
90%
#5 Angleterre
86%
#15 Espagne
82%
#33 Portugal
82%
#8 Russie
82%
#24 Etats-Unis
80%
#4 Suède
78%
#29 Yougoslavie
76%
#17 Belgique
74%
#25 Mexique
74%
#7 Pays-Bas
74%
#35 Colombie
72%
#6 Irlande
72%
#12 Suisse
72%
#16 Uruguay
70%
#30 Algérie
68%
#47 Chili
68%
#9 Danemark
68%
#57 Canada
66%
#66 Japon
66%
#41 Maroc
66%
#14 Norvège
66%
#18 Tchécoslovaquie
66%
#23 Ecosse
64%
#26 Bulgarie
62%
#44 Finlande
60%
#31 Grèce
60%
#68 Paraguay
58%
#20 Pologne
58%
#42 Turquie
58%
#128 Ukraine
58%
#36 Hongrie
56%
#34 Autriche
54%
#56 Chine
54%
#28 Pays de Galles
54%
#78 Pérou
54%
#45 Australie
52%
#49 Corée du Sud
52%
#21 Egypte
52%
#43 Irlande du Nord
52%
#11 Roumanie
52%
#51 Sénégal
52%
#22 Cameroun
48%
#87 Bolivie
46%
#112 Croatie
46%
#81 Niger
46%
#13 Nigeria
46%
#38 Tunisie
46%
#61 Iran
44%
#98 Lettonie
44%
#131 Estonie
42%
#46 Islande
42%
#123 Afrique du Sud
40%
#48 Arabie saoudite
40%
#65 Equateur
40%
#141 Inde
40%
#93 Lituanie
40%
#102 Luxembourg
40%
#124 Venezuela
40%
#27 Côte d'Ivoire
38%
#39 Ghana
38%
#70 Nouvelle-Zélande
38%
#86 Albanie
36%
#144 Biélorussie
36%
#77 Corée du Nord
36%
#37 Costa Rica
36%
#82 Irak
36%
#142 Cuba
34%
#40 Honduras
34%
#119 Panama
32%
#64 Israël
30%
#136 Libye
30%
#69 Mali
30%
#130 Slovénie
28%
#52 Qatar
26%
#55 Gabon
24%
#67 Jamaïque
24%
#90 Congo
22%
#59 Emirats Arabes Unis
22%
#83 Guatemala
22%
#73 Malte
22%
#125 Saint-Marin
22%
#50 Salvador
22%
#101 Angola
20%
#63 Guinée
20%
#129 Haïti
20%
#107 Indonésie
20%
#71 Koweït
20%
#159 Liban
20%
#151 Liechtenstein
20%
#115 Oman
20%
#110 Soudan
20%
#100 Togo
20%
#114 Yémen
20%
#88 Bahreïn
18%
#76 Kenya
18%
#74 Madagascar
18%
#96 Syrie
18%
#126 Bénin
16%
#72 Chypre
16%
#85 Ethiopie
16%
#127 Guyana
16%
#152 Nicaragua
16%
#143 Pakistan
16%
#95 Suriname
16%
#97 Burkina Faso
14%
#148 Gambie
14%
#94 Îles Féroé
14%
#84 Libéria
14%
#156 Namibie
14%
#163 Somalie
14%
#75 Thaïlande
14%
#62 Trinité-et-Tobago
14%
#108 Antigua-et-Barbuda
12%
#160 Bahamas
12%
#80 Tanzanie
12%
#153 Tchad
12%
#109 Jordanie
10%
#133 Mauritanie
10%
#147 Népal
10%
#92 Ouganda
10%
#139 République dominicaine
10%
#60 Zaïre
10%
#32 Zambie
10%
#137 Botswana
8%
#105 Fidji
8%
#120 Grenade
8%
#116 Guinée-Bissau
8%
#155 Philippines
8%
#146 République centrafricaine
8%
#162 Rwanda
8%
#113 Barbade
6%
#99 Burundi
6%
#134 Cap-Vert
6%
#149 Guinée équatoriale
6%
#140 Lesotho
6%
#53 Malawi
6%
#111 Maurice
6%
#106 Mozambique
6%
#117 Sainte-Lucie
6%
#79 Sierra Leone
6%
#54 Zimbabwe
6%
#158 Aruba
4%
#132 Bangladesh
4%
#150 Birmanie
4%
#91 Malaisie
4%
#121 Porto Rico
4%
#104 Saint-Vincent-et-les-Grenadines
4%
#135 Salomon
4%
#89 Singapour
4%
#103 Swaziland
4%
#122 Tahiti
4%
#58 Bermudes
2%
#138 Brunei
2%
#118 Hong Kong
2%
#161 Maldives
2%
#145 Seychelles
2%
#154 Taipei chinois
2%
#157 Vanuatu
2%
Aucun quiz correspondant
Distribution des résultats
% des personnes avec chaque résultat
Percentile par nombre de réponses
Votre historique - résultats
Vous n’avez pas pris ce quiz